000 00327nam a22001457a 4500
008 221111b ||||| |||| 00| 0 eng d
020 _a053402890
041 _aeng
080 _2SECOND EDITION
_a32
082 _a32 FEI
100 _a32
101 _aJUR
245 _aTHE PROBLEM OF ABORTION
_cFEINBERG J
942 _2udc
_cBK
999 _c58858
_d58858